Sitio y socoro [sic] de Fuenterabia [sic], y sucesos del año de mil y seiscientos y treinta y ocho / (Record no. 161292)
[ view plain ]
| 000 -LEADER | |
|---|---|
| campo de control de longitud fija | 01156nam a2200241 i 4500 |
| 001 - NÚMERO DE CONTROL | |
| campo de control | 161292 |
| 003 - IDENTIFICADOR DE NÚMERO DE CONTROL | |
| campo de control | ES-MaACL |
| 005 - FECHA Y HORA DE LA ÚLTIMA TRANSACCIÓN | |
| campo de control | 20241214063030.0 |
| 008 - DATOS DE LONGITUD FIJA--INFORMACIÓN GENERAL | |
| campo de control de longitud fija | 981117q1639 sp a |||| | spa d |
| 100 1# - ENTRADA PRINCIPAL--NOMBRE DE PERSONA | |
| Nombre de persona | Palafox y Mendoza, Juan de, |
| Fechas asociadas al nombre | 1600-1659 |
| 9 (RLIN) | 239354 |
| 245 10 - MENCIÓN DEL TÍTULO | |
| Título | Sitio y socoro [sic] de Fuenterabia [sic], y sucesos del año de mil y seiscientos y treinta y ocho / |
| Mención de responsabilidad, etc. | [Juan Palafox y Mendoza, obispo de Osma]. |
| 246 3# - FORMA VARIANTE DEL TITULO | |
| Título propio/Titulo breve | Sitio y socorro de Fuenterrabía, y sucesos del año de 1638 |
| 260 ## - PUBLICACIÓN, DISTRIBUCIÓN, ETC. | |
| Lugar de publicación, distribución, etc. | [Madrid : |
| Nombre del editor, distribuidor, etc. | s.n., |
| Fecha de publicación, distribución, etc. | 1639] |
| 300 ## - DESCRIPCIÓN FÍSICA | |
| Extensión | [3], 450 p. : |
| Otras características físicas | il. ; |
| Dimensiones | 4º (21 cm) |
| 510 4# - NOTA DE CITAS O REFERENCIAS BIBLIOGRÁFICAS | |
| Nombre de la fuente | Encabezamiento tomado de Palau |
| 530 ## - NOTA DISPONIBLE DE FORMULARIO FÍSICO ADICIONAL | |
| Nota de formato físico adicional disponible | Disponible en formato digital. |
| 597 ## - NOTA DE DESCRIPCIÓN FÍSICA | |
| NOTA DE DESCRIPCIÓN FÍSICA | Sign.: [ ]1, [calderón]1, A-Z4, 2A-2Z4, 3A-3K4, 3L1. |
| 597 ## - NOTA DE DESCRIPCIÓN FÍSICA | |
| NOTA DE DESCRIPCIÓN FÍSICA | Cada p. enmarcada con doble fileteado. |
| 651 #4 - PUNTO DE ACCESO ADICIONAL DE MATERIA--NOMBRE GEOGRÁFICO | |
| Nombre geográfico | Hondarribia- |
| Subdivisión general | Historia- |
| Subdivisión cronológica | 1638 (Sitio) |
| 9 (RLIN) | 147617 |
| 852 ## - LOCALIZACIÓN | |
| Ubicación | ES-MaACL |
| Número de control de estantería | R-3428 |
| Nota libre | - Enc. hol. |
| -- | - Ex-libris ms. del Convento de los Carmelitas Descalzos de Tudela |
| Encuadernación | - Olim: C-3798 |
| 856 ## - LOCALIZACIÓN Y ACCESO ELECTRÓNICOS | |
| Identificador Uniforme de Recursos | <a href="https://bvpb.mcu.es/es/consulta/registro.do?id=404548 ">https://bvpb.mcu.es/es/consulta/registro.do?id=404548 </a> |
| Nota pública | Biblioteca Virtual del Patrimonio Bibliográfico |
| Estatus retirado | Estado de pérdida | Estado de daño | No para préstamo | Colección | Biblioteca de origen | Biblioteca actual | Ubicación en estantería | Fecha de adquisición | Total de préstamos | Signatura topográfica completa | Código de barras | Visto por última vez | Precio de reemplazo | Tipo de ítem Koha |
|---|---|---|---|---|---|---|---|---|---|---|---|---|---|---|
| Colección digital | Biblioteca del Ateneo de Madrid | Biblioteca del Ateneo de Madrid | Depósito | 17/01/2008 | R-3428 | 1168942 | 23/02/2023 | 23/02/2023 | Libro impreso antiguo |
